书目信息 |
| 题名: |
化工设备机械基础
|
|
| 作者: | 郭建章 , 马迪 主编 | |
| 分册: | ||
| 出版信息: | 北京 化学工业出版社 2013.10 |
|
| 页数: | 218页 | |
| 开本: | 26cm | |
| 丛书名: | ||
| 单 册: | ||
| 中图分类: | TQ05 | |
| 科图分类: | ||
| 主题词: | 化工设备--高等教育--教材 , 化工机械--高等教育--教材 , 化工设备 , 化工机械 | |
| 电子资源: | ||
| ISBN: | 978-7-122-18084-1 | |
| 000 | 01046nam0 2200301 450 | |
| 001 | 012013159418 | |
| 005 | 20140610085712.28 | |
| 010 | @a978-7-122-18084-1@dCNY32.00 | |
| 100 | @a20130914d2013 em y0chiy0110 ea | |
| 101 | 0 | @achi |
| 102 | @aCN@b110000 | |
| 105 | @aak z 000yy | |
| 106 | @ar | |
| 200 | 1 | @a化工设备机械基础@9hua gong she bei ji xie ji chu@f郭建章,马迪主编 |
| 210 | @a北京@c化学工业出版社@d2013.10 | |
| 215 | @a218页@c图@d26cm | |
| 300 | @a“十二五”普通高等教育规划教材 | |
| 330 | @a本书主要内容包括:工程力学基础;化工过程设备常用的材料;化工容器及设备基础;机械传动与液压传动基础。 | |
| 333 | @a本书可供一般本科院校,或部分高职高专学校的化工、材料、石化、制药等工艺、工程类专业选用。亦可供工程技术和管理人员参考 | |
| 606 | 0 | @a化工设备@x高等教育@j教材 |
| 606 | 0 | @a化工机械@x高等教育@j教材 |
| 606 | 0 | @a化工设备 |
| 606 | 0 | @a化工机械 |
| 690 | @aTQ05@v5 | |
| 701 | 0 | @a郭建章@9guo jian zhang@4主编 |
| 701 | 0 | @a马迪@9ma di@4主编 |
| 801 | 0 | @aCN@b人天书店@c20130914 |
| 905 | @b846699-701@dTQ05@e232@f3 | |
| 化工设备机械基础/郭建章,马迪主编.-北京:化学工业出版社,2013.10 |
| 218页:图;26cm |
| “十二五”普通高等教育规划教材.-使用对象:本书可供一般本科院校,或部分高职高专学校的化工、材料、石化、制药等工艺、工程类专业选用。亦可供工程技术和管理人员参考 |
| ISBN 978-7-122-18084-1:CNY32.00 |
| 本书主要内容包括:工程力学基础;化工过程设备常用的材料;化工容器及设备基础;机械传动与液压传动基础。 |
| ● |
| 相关链接 |
|
|
|
|
正题名:化工设备机械基础
索取号:TQ05/232
 
预约/预借
| 序号 | 登录号 | 条形码 | 馆藏地/架位号 | 状态 | 备注 |
| 1 | 846699 | 208466998 | 第二样本阅览室/ [索取号:TQ05/232] | 在馆 | |
| 2 | 846700 | 208467005 | 第三借阅区/ [索取号:TQ05/232] | 在馆 | |
| 3 | 846701 | 208467014 | 密集书库-化学系/ [索取号:TQ05/232] | 在馆 |